[Event "Igualada op 15th"]
[Site "Igualada"]
[Date "2020.02.22"]
[Round "7"]
[White "Pena Morales, Hugo"]
[Black "Valarezo Ricard, Pedro"]
[Result "1/2-1/2"]
[WhiteElo "2242"]
[BlackElo "1720"]
[PlyCount "66"]
[EventDate "2020.01.11"]
[EventType "swiss"]
[EventRounds "8"]
[EventCountry "ESP"]
[SourceTitle "CBM 195 Extra"]
[Source "ChessBase"]
[SourceDate "2020.05.31"]
[SourceVersion "1"]
[SourceVersionDate "2020.05.31"]
[SourceQuality "1"]

1. e4 d5 2. exd5 Qxd5 3. Nc3 Qe5+ 4. Qe2 Qxe2+ 5. Bxe2 Nf6 6. Bf3 c6 7. Nge2 Bf5 8. d3 Bg4 9. Bxg4 Nxg4 10. Ne4 Nd7 11. f3 Ngf6 12. N2c3 e6 13. Bd2 Bb4 14. 0-0-0 0-0-0 15. Rhe1 Nxe4 16. Nxe4 Bxd2+ 17. Rxd2 Nb6 18. Ng5 Rd7 19. f4 h6 20. Nf3 Rhd8 21. Rde2 Nd5 22. g3 Nf6 23. Ne5 Rc7 24. c3 c5 25. Kc2 g6 26. a4 h5 27. a5 a6 28. Nc4 Rc6 29. Nb6+ Kc7 30. Re5 Nd7 31. Nc4 Nxe5 32. Nxe5 Rf8 33. Nxc6 Kxc6 1/2-1/2

[Event "Barcelona Vila de Gracia op 23rd"]
[Site "Barcelona"]
[Date "2019.11.29"]
[Round "7"]
[White "Fernandez Goyanes, Francesc X"]
[Black "Pena Morales, Hugo"]
[Result "1-0"]
[WhiteElo "2130"]
[BlackElo "2203"]
[PlyCount "81"]
[EventDate "2019.10.11"]
[EventType "swiss"]
[EventRounds "9"]
[EventCountry "ESP"]
[SourceTitle "CBM 194 Extra"]
[Source "ChessBase"]
[SourceDate "2020.03.31"]
[SourceVersion "1"]
[SourceVersionDate "2020.03.31"]
[SourceQuality "1"]

1. Nf3 Nf6 2. d4 e6 3. g3 b6 4. Bg2 Be7 5. 0-0 0-0 6. c4 Bb7 7. Nc3 d6 8. Qc2 Nbd7 9. b3 Qc8 10. Bb2 c5 11. e4 Re8 12. Rad1 a6 13. d5 exd5 14. exd5 b5 15. Rfe1 bxc4 16. bxc4 Bf8 17. Bh3 Qc7 18. Ne4 Nxe4 19. Rxe4 Rxe4 20. Qxe4 h6 21. Bf1 Nb6 22. Bd3 g6 23. h4 Na4 24. Ba1 Qe7 25. Qf4 Bg7 26. Re1 Qd7 27. h5 Bxa1 28. Rxa1 Nb2 29. Bc2 Bc8 30. Qf6 Nxc4 31. hxg6 Na3 32. Re1 Nxc2 33. Re7 Qxe7 34. Qxe7 fxg6 35. Qxd6 Bf5 36. Nh4 c4 37. Nxf5 gxf5 38. Qg6+ Kh8 39. Qxh6+ Kg8 40. Qg6+ Kh8 41. d6 1-0

[Event "Cornella de Llobregat op 7th"]
[Site "Cornella de Llobregat"]
[Date "2019.11.04"]
[Round "5"]
[White "Vidarte Morales, Arturo"]
[Black "Pena Morales, Hugo"]
[Result "1-0"]
[WhiteElo "2310"]
[BlackElo "2203"]
[PlyCount "157"]
[EventDate "2019.10.07"]
[EventType "swiss"]
[EventRounds "9"]
[EventCountry "ESP"]
[SourceTitle "CBM 193 Extra"]
[Source "ChessBase"]
[SourceDate "2020.01.31"]
[SourceVersion "1"]
[SourceVersionDate "2020.01.31"]
[SourceQuality "1"]

1. d4 Nf6 2. Nf3 e6 3. g3 b6 4. Bg2 Bb7 5. 0-0 Be7 6. c4 d5 7. cxd5 exd5 8. Nc3 0-0 9. Bf4 Nbd7 10. Rc1 c6 11. Ne5 Nh5 12. e3 Nxf4 13. gxf4 Nf6 14. e4 dxe4 15. Nxe4 Nd5 16. Qf3 Rc8 17. Ng3 g6 18. Rfe1 Bb4 19. Red1 Qh4 20. f5 Bd6 21. Ne4 Be7 22. Qg3 Rfd8 23. fxg6 hxg6 24. Qb3 Kg7 25. Rd3 Rh8 26. Rh3 Qf4 27. Re1 Rxh3 28. Qxh3 Rh8 29. Qg3 Bb4 30. Rd1 Rd8 31. Nd3 Qxg3 32. hxg3 Be7 33. Nc3 Nb4 34. Ne5 f6 35. Nc4 Ba6 36. Ne3 Nd3 37. Rd2 Rxd4 38. Bxc6 Rd6 39. Bb5 Nc5 40. Rxd6 Bxd6 41. b4 Bc8 42. bxc5 Bxc5 43. Kf1 f5 44. Ke2 Kf6 45. f4 a6 46. Bc4 Bd7 47. Bxa6 g5 48. Bc4 gxf4 49. gxf4 Ke7 50. Ncd5+ Kd6 51. Bd3 Be6 52. Nc3 Bb4 53. Nb5+ Kc5 54. a3 Ba5 55. Nc7 Bb3 56. Nxf5 Bc3 57. Na6+ Kc6 58. Ne3 Bb2 59. Bc2 Be6 60. a4 b5 61. axb5+ Kb6 62. Bd3 Bc3 63. f5 Bf7 64. Kf3 Bf6 65. Ke4 Bh4 66. Nd5+ Ka7 67. Nc5 Be1 68. Bc4 Bh5 69. Ne6 Ba5 70. Nef4 Bf7 71. Ne3 Be8 72. Nfd5 Bd8 73. Ke5 Bf7 74. b6+ Kb7 75. Kd6 Be8 76. Nc7 Bh5 77. Ned5 Bf3 78. Bb5 Bxc7+ 79. bxc7 1-0

[Event "Vallfogona rapid op 27th"]
[Site "Vallfogona de Balaguer"]
[Date "2019.09.22"]
[Round "9"]
[White "Pena Morales, Hugo"]
[Black "Movsziszian, Karen"]
[Result "1-0"]
[WhiteElo "2203"]
[BlackElo "2475"]
[PlyCount "43"]
[EventDate "2019.09.22"]
[EventType "swiss (rapid)"]
[EventRounds "9"]
[EventCountry "ESP"]
[SourceTitle "EXT 2020"]
[Source "ChessBase"]
[SourceDate "2019.10.17"]
[SourceVersion "1"]
[SourceVersionDate "2019.10.17"]
[SourceQuality "1"]

1. d4 d6 2. e4 g6 3. Nc3 Bg7 4. f4 Nc6 5. Be3 Nf6 6. Be2 0-0 7. Nf3 e6 8. Qd2 a6 9. a4 b6 10. Bf2 Bb7 11. Bh4 Qc8 12. e5 Nd7 13. 0-0 Re8 14. Ng5 Ne7 15. g4 c5 16. Nce4 Qc6 17. Bf3 d5 18. Nd6 f6 19. Nxe6 cxd4 20. Nxg7 Kxg7 21. Nxb7 fxe5 22. fxe5 1-0

[Event "Vallfogona rapid op 27th"]
[Site "Vallfogona de Balaguer"]
[Date "2019.09.22"]
[Round "4"]
[White "Pena Morales, Hugo"]
[Black "Vidarte Morales, Arturo"]
[Result "1-0"]
[WhiteElo "2203"]
[BlackElo "2332"]
[PlyCount "107"]
[EventDate "2019.09.22"]
[EventType "swiss (rapid)"]
[EventRounds "9"]
[EventCountry "ESP"]
[SourceTitle "EXT 2020"]
[Source "ChessBase"]
[SourceDate "2019.10.17"]
[SourceVersion "1"]
[SourceVersionDate "2019.10.17"]
[SourceQuality "1"]

1. d4 d5 2. c4 e6 3. Nc3 Be7 4. Nf3 Nf6 5. cxd5 exd5 6. Bg5 c6 7. e3 Bf5 8. Bd3 Bxd3 9. Qxd3 0-0 10. 0-0 Nbd7 11. Rab1 a5 12. Nd2 Re8 13. a3 Ne4 14. Bxe7 Qxe7 15. Ndxe4 dxe4 16. Qc4 Nf6 17. b4 axb4 18. axb4 Ra3 19. b5 Qd7 20. bxc6 bxc6 21. Rfc1 h5 22. h3 Rea8 23. Ne2 R8a6 24. Qc5 Kh7 25. Qf8 Ra8 26. Rb8 Rxb8 27. Qxa3 Rb6 28. Qc5 Qb7 29. Ng3 g6 30. Qe5 c5 31. dxc5 Re6 32. Qd4 h4 33. Ne2 Nh5 34. Qd8 Qb2 35. Qd1 Rf6 36. Qc2 Qxc2 37. Rxc2 Rc6 38. Nd4 Rc8 39. c6 Nf6 40. Nb5 Ne8 41. c7 Kg7 42. Rd2 Nxc7 43. Rc2 Nxb5 44. Rxc8 Nd6 45. Rc6 Ne8 46. Kf1 f5 47. Ke2 Kf7 48. Ra6 Ng7 49. Kd2 Nh5 50. Kc3 g5 51. Kd4 g4 52. hxg4 fxg4 53. Rh6 g3 54. Rxh5 1-0

[Event "Almansa op-A 14th"]
[Site "Almansa"]
[Date "2019.08.10"]
[Round "7"]
[White "Vilanova Corbi, Jorge"]
[Black "Pena Morales, Hugo"]
[Result "0-1"]
[WhiteElo "2177"]
[BlackElo "2211"]
[PlyCount "80"]
[EventDate "2019.08.07"]
[EventType "swiss"]
[EventRounds "7"]
[EventCountry "ESP"]
[SourceTitle "EXT 2022"]
[Source "ChessBase"]
[SourceDate "2021.10.06"]
[SourceVersion "1"]
[SourceVersionDate "2021.10.06"]
[SourceQuality "1"]

1. d4 Nf6 2. c4 e6 3. Nc3 c5 4. d5 exd5 5. cxd5 Bd6 6. e4 0-0 7. Bd3 Bc7 8. Nf3 d6 9. 0-0 a6 10. a4 Nbd7 11. h3 Re8 12. Bf4 Nf8 13. Bh2 Rb8 14. Nd2 Ng6 15. f4 Bd7 16. Nf3 b5 17. e5 b4 18. Bxg6 hxg6 19. Nb1 Nh7 20. Nbd2 b3 21. Nc4 Bf5 22. exd6 Bxd6 23. Nfe5 Rb7 24. Qf3 Nf6 25. Rae1 Bf8 26. g4 Bd7 27. Nc6 Qc8 28. N4a5 Rb6 29. Ne5 c4 30. Naxc4 Rb4 31. Rc1 Qc5+ 32. Kg2 Qxd5 33. g5 Bf5 34. Qxd5 Nxd5 35. Rfd1 Rc8 36. Kg3 Be6 37. Nd2 Rxc1 38. Rxc1 Nxf4 39. Re1 Bd6 40. Ndf3 Nd3 0-1

[Event "Sitges op 45th"]
[Site "Sitges"]
[Date "2019.07.29"]
[Round "8"]
[White "Pena Morales, Hugo"]
[Black "Herrera, Juan Sebastian"]
[Result "0-1"]
[WhiteElo "2267"]
[BlackElo "2353"]
[PlyCount "62"]
[EventDate "2019.07.22"]
[EventType "swiss"]
[EventRounds "9"]
[EventCountry "ESP"]
[SourceTitle "CBM 191 Extra"]
[Source "ChessBase"]
[SourceDate "2019.09.30"]
[SourceVersion "1"]
[SourceVersionDate "2019.09.30"]
[SourceQuality "1"]

1. d4 g6 2. e4 Bg7 3. c3 d5 4. e5 c5 5. Ne2 Nc6 6. Nf4 cxd4 7. cxd4 Nh6 8. Nc3 Nf5 9. Bb5 0-0 10. Be3 e6 11. 0-0 f6 12. exf6 Qxf6 13. Bxc6 bxc6 14. Nfe2 c5 15. Nb5 Bd7 16. Na3 cxd4 17. Bd2 Rab8 18. Rb1 Nd6 19. Ba5 Rb7 20. Nc1 Nc4 21. Nb3 Rxb3 22. Qxb3 Nxa5 23. Qb4 Qd8 24. Rbc1 Nc6 25. Qd6 Be5 26. Qc5 Qb8 27. h3 Qxb2 28. Rb1 Qc3 29. Qxc3 dxc3 30. Rb7 Bc8 31. Rb3 Nd4 0-1

[Event "Sitges op 45th"]
[Site "Sitges"]
[Date "2019.07.27"]
[Round "6"]
[White "Chirivi Castiblanco, Jenny Astrid"]
[Black "Pena Morales, Hugo"]
[Result "1/2-1/2"]
[WhiteElo "2089"]
[BlackElo "2267"]
[PlyCount "114"]
[EventDate "2019.07.22"]
[EventType "swiss"]
[EventRounds "9"]
[EventCountry "ESP"]
[SourceTitle "CBM 191 Extra"]
[Source "ChessBase"]
[SourceDate "2019.09.30"]
[SourceVersion "1"]
[SourceVersionDate "2019.09.30"]
[SourceQuality "1"]

1. Nf3 Nf6 2. d4 e6 3. c4 c5 4. d5 exd5 5. cxd5 Bd6 6. Nc3 0-0 7. g3 a6 8. a4 Re8 9. Bg2 Bc7 10. 0-0 d6 11. h3 h6 12. Qc2 Nbd7 13. Nh4 Rb8 14. b3 Ba5 15. Bb2 Nb6 16. e4 c4 17. Kh2 Qc7 18. Ne2 c3 19. Ba3 Nbd7 20. f4 Nf8 21. Nd4 Qb6 22. Rad1 Bb4 23. Bxb4 Qxb4 24. Ne2 Bd7 25. Qxc3 Qxc3 26. Nxc3 Rbc8 27. Rc1 b5 28. a5 Rc5 29. Rfe1 g5 30. fxg5 hxg5 31. Nf3 Rec8 32. Na2 Rxc1 33. Nxc1 g4 34. Nd4 gxh3 35. Bxh3 Re8 36. Nd3 Rxe4 37. Rxe4 Nxe4 38. b4 Bxh3 39. Kxh3 Nc3 40. Nf5 Nxd5 41. Nxd6 Ne6 42. Nf5 Kh7 43. Kg4 f6 44. Kf3 Ng5+ 45. Ke2 Kg6 46. Nd4 Ne4 47. Kf3 Nec3 48. Ne6 Na2 49. Nef4+ Nxf4 50. Kxf4 f5 51. Ke5 Kg5 52. Kd6 Kg4 53. Kc5 Kxg3 54. Kb6 f4 55. Nxf4 Kxf4 56. Kxa6 Nxb4+ 57. Kxb5 Nd5 1/2-1/2

[Event "Barcelona Sant Marti op 21st"]
[Site "Barcelona"]
[Date "2019.07.19"]
[Round "7"]
[White "Ruiz Herrero, Victor"]
[Black "Pena Morales, Hugo"]
[Result "0-1"]
[WhiteElo "1956"]
[BlackElo "2267"]
[PlyCount "44"]
[EventDate "2019.07.13"]
[EventType "swiss"]
[EventRounds "9"]
[EventCountry "ESP"]
[SourceTitle "EXT 2020"]
[Source "ChessBase"]
[SourceDate "2019.10.17"]
[SourceVersion "1"]
[SourceVersionDate "2019.10.17"]
[SourceQuality "1"]

1. a3 f5 2. g3 Nf6 3. Bg2 e5 4. d3 d5 5. Nf3 e4 6. Nfd2 c5 7. e3 Nbd7 8. b4 Bd6 9. Bb2 h5 10. h4 0-0 11. 0-0 Ng4 12. c4 Be5 13. Qb3 g5 14. hxg5 Qxg5 15. dxe4 Bxb2 16. Qxb2 dxe4 17. Nc3 h4 18. Ncxe4 Qh6 19. gxh4 fxe4 20. Nxe4 Qxh4 21. Rfd1 Qh2+ 22. Kf1 Nxe3+ 0-1

[Event "Barcelona June IM"]
[Site "Barcelona"]
[Date "2019.06.20"]
[Round "8"]
[White "Pena Morales, Hugo"]
[Black "Rodriguez Alvarez, Vidal Hely"]
[Result "1/2-1/2"]
[WhiteElo "2286"]
[BlackElo "2289"]
[PlyCount "44"]
[EventDate "2019.06.11"]
[EventType "tourn"]
[EventRounds "9"]
[EventCountry "ESP"]
[EventCategory "3"]
[SourceTitle "CBM 191 Extra"]
[Source "ChessBase"]
[SourceDate "2019.09.30"]
[SourceVersion "1"]
[SourceVersionDate "2019.09.30"]
[SourceQuality "1"]

1. e4 c5 2. Nf3 e6 3. d4 cxd4 4. Nxd4 Nc6 5. Nc3 Qc7 6. g3 a6 7. Bg2 Nf6 8. 0-0 d6 9. f4 Bd7 10. Nde2 Be7 11. h3 h5 12. Be3 Rc8 13. a4 g6 14. Qe1 b6 15. Qf2 Rb8 16. e5 Ng8 17. exd6 Bxd6 18. Ne4 Be7 19. Nd4 Nf6 20. Nxc6 Bxc6 21. Nxf6+ Bxf6 22. Bd4 Bxd4 1/2-1/2

[Event "Barcelona June IM"]
[Site "Barcelona"]
[Date "2019.06.14"]
[Round "4"]
[White "Pena Morales, Hugo"]
[Black "Jimenez Ruano, Adrian"]
[Result "1-0"]
[WhiteElo "2286"]
[BlackElo "2345"]
[PlyCount "83"]
[EventDate "2019.06.11"]
[EventType "tourn"]
[EventRounds "9"]
[EventCountry "ESP"]
[EventCategory "3"]
[SourceTitle "CBM 191 Extra"]
[Source "ChessBase"]
[SourceDate "2019.09.30"]
[SourceVersion "1"]
[SourceVersionDate "2019.09.30"]
[SourceQuality "1"]

1. Nf3 c5 2. e4 Nc6 3. Nc3 Nd4 4. Bc4 g6 5. Nxd4 cxd4 6. Qf3 e6 7. Nb5 Qb6 8. Qg3 d6 9. c3 Qc6 10. d3 dxc3 11. Nxc3 Bd7 12. 0-0 Nf6 13. Bg5 Nh5 14. Qf3 Qc5 15. Be3 Qa5 16. g4 Ng7 17. b4 Qd8 18. Qe2 Be7 19. f4 0-0 20. Rac1 f5 21. Rf2 Kh8 22. g5 Rc8 23. Bb3 b5 24. h4 a5 25. a3 axb4 26. axb4 d5 27. exd5 Bxb4 28. Bd4 Bd6 29. dxe6 Bc6 30. Qb2 Qe7 31. Nb1 Rc7 32. Bf6 Qe8 33. e7 Rxe7 34. Re2 Be4 35. dxe4 Bxf4 36. exf5 Rxf6 37. gxf6 Be5 38. Rxe5 Rxe5 39. fxg7+ Kxg7 40. Re1 Kf6 41. Nd2 Kxf5 42. Bc2+ 1-0

[Event "Barcelona June IM"]
[Site "Barcelona"]
[Date "2019.06.12"]
[Round "2"]
[White "Chernikov, Vladimir"]
[Black "Pena Morales, Hugo"]
[Result "1-0"]
[WhiteElo "2242"]
[BlackElo "2286"]
[PlyCount "49"]
[EventDate "2019.06.11"]
[EventType "tourn"]
[EventRounds "9"]
[EventCountry "ESP"]
[EventCategory "3"]
[SourceTitle "CBM 191 Extra"]
[Source "ChessBase"]
[SourceDate "2019.09.30"]
[SourceVersion "1"]
[SourceVersionDate "2019.09.30"]
[SourceQuality "1"]

1. d4 f5 2. c4 Nf6 3. Nc3 e6 4. Nf3 b6 5. e3 Bb7 6. Bd3 g6 7. 0-0 Bg7 8. b3 0-0 9. Bb2 d6 10. b4 Qe7 11. Qb3 e5 12. dxe5 dxe5 13. Nd5 Nxd5 14. cxd5 Qd6 15. Ng5 e4 16. Bxg7 Kxg7 17. Ne6+ Kh6 18. Bc4 Rf7 19. f3 b5 20. fxe4 bxc4 21. Qxc4 Na6 22. Rf3 g5 23. exf5 Rxf5 24. Rxf5 Qxb4 25. Rf6+ 1-0

[Event "Barcelona Electrica Baleares op 2nd"]
[Site "Barcelona"]
[Date "2019.05.17"]
[Round "9"]
[White "Pena Morales, Hugo"]
[Black "Jires, Jiri"]
[Result "1-0"]
[WhiteElo "2205"]
[BlackElo "2093"]
[PlyCount "70"]
[EventDate "2019.03.15"]
[EventType "swiss"]
[EventRounds "9"]
[EventCountry "ESP"]
[SourceTitle "CBM 190 Extra"]
[Source "ChessBase"]
[SourceDate "2019.07.15"]
[SourceVersion "1"]
[SourceVersionDate "2019.07.15"]
[SourceQuality "1"]

1. e4 e5 2. Nf3 Nc6 3. Nc3 Nf6 4. d4 exd4 5. Nxd4 Bb4 6. Nxc6 bxc6 7. Bd3 0-0 8. 0-0 d5 9. exd5 cxd5 10. Bg5 c6 11. Qf3 h6 12. Bxf6 Qxf6 13. Qxf6 gxf6 14. Ne2 Re8 15. Ng3 Bd6 16. f4 Rb8 17. Rab1 c5 18. Nh5 Be7 19. Rfe1 Kf8 20. b3 Bd7 21. h3 a5 22. c3 Rb6 23. Rbd1 a4 24. Bc2 axb3 25. axb3 Bc6 26. Ra1 c4 27. bxc4 Rb2 28. Bd3 dxc4 29. Bf1 Rc2 30. Rec1 Rxc1 31. Rxc1 Bc5+ 32. Kh2 Re4 33. Rb1 Re7 34. Ra1 Re3 35. Ra5 Bd6 1-0

[Event "Barcelona Electrica Baleares op 2nd"]
[Site "Barcelona"]
[Date "2019.05.03"]
[Round "7"]
[White "Pena Morales, Hugo"]
[Black "Vallbona Domingo, Joan"]
[Result "0-1"]
[WhiteElo "2205"]
[BlackElo "1886"]
[PlyCount "34"]
[EventDate "2019.03.15"]
[EventType "swiss"]
[EventRounds "9"]
[EventCountry "ESP"]
[SourceTitle "CBM 190 Extra"]
[Source "ChessBase"]
[SourceDate "2019.07.15"]
[SourceVersion "1"]
[SourceVersionDate "2019.07.15"]
[SourceQuality "1"]

1. e4 c5 2. Nc3 e6 3. g3 d5 4. exd5 exd5 5. d4 cxd4 6. Qxd4 Nf6 7. Bg5 Be7 8. 0-0-0 Nc6 9. Bb5 0-0 10. Qd2 a6 11. Bd3 Be6 12. Nge2 Qa5 13. Be3 d4 14. Nxd4 Nxd4 15. Bxd4 Rfd8 16. Bxf6 Bxf6 17. Ne4 Bxb2+ 0-1

[Event "Catalunya-ch"]
[Site "Vila Seca"]
[Date "2019.04.20"]
[Round "4"]
[White "Ayats Llobera, Gerard"]
[Black "Pena Morales, Hugo"]
[Result "1-0"]
[WhiteElo "2363"]
[BlackElo "2276"]
[PlyCount "75"]
[EventDate "2019.04.18"]
[EventType "swiss"]
[EventRounds "8"]
[EventCountry "ESP"]
[SourceTitle "CBM 189 Extra"]
[Source "ChessBase"]
[SourceDate "2019.06.03"]
[SourceVersion "1"]
[SourceVersionDate "2019.06.03"]
[SourceQuality "1"]

1. Nf3 Nf6 2. b3 g6 3. Bb2 Bg7 4. g3 0-0 5. Bg2 d6 6. d4 e5 7. dxe5 Ng4 8. Qc1 Nxe5 9. Nxe5 Bxe5 10. Nd2 Re8 11. e3 c6 12. 0-0 Qf6 13. Bxe5 dxe5 14. Qb2 Nd7 15. Rad1 Qe7 16. Ne4 Nc5 17. Nd6 Rd8 18. Qc3 Na6 19. Nc4 Re8 20. Rd2 Qc5 21. Qb2 f6 22. h3 Qe7 23. Rfd1 Be6 24. Nd6 Red8 25. c4 Rab8 26. f4 exf4 27. exf4 Rd7 28. b4 c5 29. b5 Nb4 30. Ne4 Rxd2 31. Rxd2 Rf8 32. a3 Bf5 33. Re2 Nd3 34. Qc3 Qd7 35. Nxf6+ Rxf6 36. Qxf6 Qd4+ 37. Qxd4 cxd4 38. Rd2 1-0

[Event "Catalunya-ch"]
[Site "Vila Seca"]
[Date "2019.04.18"]
[Round "1"]
[White "Pena Morales, Hugo"]
[Black "Rodon Balcells, Jaume"]
[Result "1-0"]
[WhiteElo "2276"]
[BlackElo "1862"]
[PlyCount "53"]
[EventDate "2019.04.18"]
[EventType "swiss"]
[EventRounds "8"]
[EventCountry "ESP"]
[SourceTitle "EXT 2020"]
[Source "ChessBase"]
[SourceDate "2019.10.17"]
[SourceVersion "1"]
[SourceVersionDate "2019.10.17"]
[SourceQuality "1"]

1. e4 e5 2. Nf3 Nf6 3. Nc3 Nc6 4. d4 exd4 5. Nxd4 Bb4 6. Nxc6 bxc6 7. Bd3 h6 8. 0-0 0-0 9. e5 Bxc3 10. bxc3 Nh7 11. Qe2 d6 12. Qe4 f5 13. Qxc6 Be6 14. Ba3 Ng5 15. exd6 Rf7 16. f4 Ne4 17. Bxe4 fxe4 18. dxc7 Qc8 19. Bd6 a5 20. Qxe4 Ra6 21. Be5 Kh8 22. Rab1 Rxc7 23. Bxc7 Qxc7 24. Rb7 Qc5+ 25. Qd4 Qf8 26. Rfb1 Kh7 27. Qd3+ 1-0